00756nam a2200241 a 4500001001300000003000900013005001700022008004100039020001000080082001700090100002800107245004600135260005100181300000800232500003500240505003600275650002700311700002800338902000800366942000700374952011800381999001500499nice12345678IN_TiNIC20260116012329.0050524s0000 laha grp 000 0 urd  ac10000a297.294bVID aVidhiyarthi, Abdul Haqq aAina Haqq Numa, Part 1 & 2 Bound Together aLahorebAhmadiyya Anjuman Ishaat-E-Islamc0000 a00p aincludes index and biblioraphy2 aPart One and Two Bound Together aIslam-Apologetic Works1 aVidhiyarthi, Abdul Haqq bSRS cBK 001040708StackRoom-aHMIbHMId2007-08-01g100.00l0o297.294 VIDp013558r2007-08-01v100.00w2005-05-24yBK c6588d6588